| 000 | 00761nam a2200265 4500 | ||
|---|---|---|---|
| 001 | 6090 | ||
| 090 | _a6090 | ||
| 099 | _tLIVR | ||
| 100 | _a20240911d u||y0frey5050 ba | ||
| 101 | _afre | ||
| 102 | _aDZ | ||
| 200 |
_aMohamed Racim _bLIVR _eMiniaturiste Algérien _fMohamed Khadda |
||
| 205 | _a6ème édition | ||
| 210 |
_aAlger _cEntreprise National du Livre _d1990 |
||
| 215 |
_a(1Vol) 67p. _cCouv.Ill.Coul. _d32x25 |
||
| 600 |
_aRacim _bMohamed _911944 |
||
| 606 |
_aMiniature _911945 |
||
| 606 |
_aCalligraphie _911946 |
||
| 606 |
_aArtiste algérien _911947 |
||
| 607 |
_aAlgérie _911948 |
||
| 676 | _a759 RAC | ||
| 700 |
_4040 _aRacim _bMohamed _911944 |
||
| 701 |
_4070 _aKhadda _bMohamed _911949 |
||
| 801 |
_aTN _b32Bis _cYYYYMMDD _gAFNOR |
||
| 830 | _aABA | ||